Biblioteca

Fe y ciencia (Registro nro. 63885)

Detalles MARC
000 -LÍDER
Campo fijo de descripción fija 01274nam a2200361 c 4500
001 - NÚMERO DE CONTROL
Campo de control a5164185
003 - IDENTIFICADOR DEL NÚMERO DE CONTROL
Campo de control CO-MdFUSB
005 - FECHA Y HORA DE LA ULTIMA TRANSACCIÓN
control field 20180622170020.0
008 - ELEMENTOS DE LONGITUD FIJA -- INFORMACIÓN GENERAL
Campo fijo de descripción fija -- Información general 120207t2011 sp | |||| 000 0 spa
017 ## - COPYRIGHT OR LEGAL DEPOSIT NUMBER
Copyright or legal deposit number BI 2721-2011
Assigning agency Oficina Depósito Legal Vizcaya
020 ## - NÚMERO INTERNACIONAL NORMALIZADO PARA LIBROS
Número Internacional Normalizado del libro 9788429319590
040 ## - FUENTE DE CATALOGACIÓN
Agencia de catalogación original SpMaBN
Idioma de catalogación spa
Convenciones de la descripción rdc
Agencia que realiza la transcripción CO-MdFUSB
Agencia que realiza la modificación CO-MdFUSB
041 1# - CÓDIGO DE IDIOMA
Código de idioma para texto/pista de sonido o título separado spa
Código de idioma original ita
080 ## - UNIVERSAL DECIMAL CLASSIFICATION NUMBER
Universal Decimal Classification number 215
082 ## - NÚMERO DE CLASIFICACIÓN DECIMAL DEWEY
Número de la edición del Dewey 24
Número de clasificación G 261.55
Clave de autor-Numero de item R238f
100 0# - ASIENTO PRINCIPAL--NOMBRE PERSONAL
Nombre personal Benedicto
Término relacionador autor
240 10 - TITULO UNIFORME
Título uniforme <a href="Fede e scienza">Fede e scienza</a>
245 10 - TÍTULO
Título del Material Fe y ciencia
Parte restante del título - Subtitulo : un diálogo necesario
Mención de responsabilidad, etc. / Joseph Ratzinger (Benedicto XVI) ; editado por Umberto Casale ; [traducción, José Manuel Lozano-Gotor Perona, José Pérez Escobar, Ramón Alfonso Díez Aragón]
264 #1 - PRODUCCIÓN, PUBLICACIÓN, DISTRIBUCIÓN, MANUFACTURA, Y COPYRIGHT
Lugar de producción, publicación, distribución, manufactura Maliaño, Cantabria:
Nombre del productor, publicador, distribuidor Sal Terrae,
Fecha de producción, publicación, distribución, manufactura, o copyright ℗[2011]
264 #4 - PRODUCCIÓN, PUBLICACIÓN, DISTRIBUCIÓN, MANUFACTURA, Y COPYRIGHT
Fecha de producción, publicación, distribución, manufactura, o copyright ©2011
300 ## - DESCRIPCIÓN FÍSICA
Extensión 222 páginas :
Dimensiones 21 cm
Otros detalles físicos :
336 ## - TIPO DE CONTENIDO
Término de tipo de contenido
Fuente isbdcontent
Código de tipo de contenido
337 ## - TIPO DE MEDIO
Nombre del tipo de medio
Fuente isbdmedia
Código del tipo de medio
338 ## - TIPO DE SOPORTE
Fuente rdacarrier
Nombre del tipo de soporte
Código Tipo de soporte
490 0# - MENCIÓN DE SERIE
Mención de serie Presencia teológica
504 ## - NOTA DE BIBLIOGRAFÍA, ETC.
Nota de bibliografía, etc Primera parte: Fe, razón y ciencia -- Segunda parte: Fe y ciencia al servicio de la verdad
650 #7 - ASIENTO SECUNDARIO DE MATERIA - TERMINO TEMÁTICO
Término temático o nombre geográfico como elemento de entrada Religión y ciencia
710 2# - ASIENTO SECUNDARIO - NOMBRE CORPORATIVO
Nombre corporativo o de jurisdicción como elemento de entrada Iglesia Católica
Unidad subordinada Papa (2005-2013: Benedicto XVI)
942 ## - TIPO DE MATERIAL (KOHA)
Tipo de Item KOHA Libros General
956 ## - LOCAL ELECTRONIC LOCATION AND ACCESS (OCLC)
Host name 2
Existencias
Estado de Material Estado de Perdido Forma de Clasificación Estado de Dañado No para Préstamo Colección Biblioteca de Origen Biblioteca Permanente Fecha de Adquisición Total de Préstamos Signatura Topográfica Código de Barras Última vez visto Última vez Préstado Ejemplar/Existencia Fecha de Remplazo Tipo de Material
    Dewey Decimal Classification     Colección General Biblioteca FUSBC Biblioteca FUSBC 17/05/2017 4 G 261.55 R238f 18351 12/11/2021 09/11/2021 Ej. 1 17/05/2017 Libros General

Biblioteca FUSBC | Teléfono: (57+4) 349 88 10 Ext. 141| WhatsApp (+57) 3005338115 
E-mail: biblioteca@unisbc.edu.co | Calle 76 87-14 Robledo Palenque, Medellín, Colombia

Con tecnología Koha